| 000 | 01302cad a22002175a 4500 | ||
|---|---|---|---|
| 001 | L153408 | ||
| 008 | 110721s2008 xxk f f000 0 eng d | ||
| 035 | _a(Sirsi) u153408 | ||
| 041 | 0 | _aeng | |
| 110 | 1 |
_aUnited Kingdom _bDepartment for Business, Enterprise and Regulatory Reform _95262 |
|
| 245 | 0 | 0 |
_aInnovation in construction services _h[electronic resource] |
| 260 |
_a[S.l.] _bDBIS _c2008 |
||
| 520 | _aThe report covers innovation in construction services, recommendations, innovation in construction services, definition of the sector/area, market structure, drivers of change, how UK firms are performing, scope for industry/government action, continued emphasis on integration by the strategic forum and government, the client adviser role, knowledge transfer, regulation, standards, Interoperable Building Information Modelling (IBIM), performance of buildings in use, measurement, and skills and development. | ||
| 521 | 2 | _aAdvanced | |
| 651 | 4 |
_aUnited Kingdom _y |
|
| 690 | _aBUILT ENVIRONMENT-SUSTAINABLE CONSTRUCTION | ||
| 690 | _aBUILDING AND CONSTRUCTION-ECONOMICS | ||
| 710 | 1 |
_aUnited Kingdom _bDepartment for Communities and Local Government _94939 |
|
| 856 | 4 | 0 |
_uhttps://www.bis.gov.uk/files/file47438.pdf _zView the document free of charge at www.bis.gov.uk |
| 942 | _n0 | ||
| 999 |
_c112502 _d112502 |
||